Animal cell biotechnology

Αποθηκεύτηκε σε:
Λεπτομέρειες βιβλιογραφικής εγγραφής
Κύριοι συγγραφείς: Spier, Raymond E (Συγγραφέας), Griffiths, J. B (Συγγραφέας)
Μορφή: Βιβλίο
Γλώσσα:Αγγλικά
Έκδοση: Londres Academic Press 1985
Θέματα:
Ετικέτες: Προσθήκη ετικέτας
Δεν υπάρχουν, Καταχωρήστε ετικέτα πρώτοι!

MARC

LEADER 00000nam a2200000 a 4500
001 UCU4006
003 CL-VaPUC
008 960517e19850000UK |||||||||||||||||eng|d
082 0 4 |a 615.36  |b SPI  |2 21 
100 0 |a Spier, Raymond E  |e author  |9 361313 
700 0 |a Griffiths, J. B  |e author  |9 361314 
245 1 0 |a Animal cell biotechnology 
300 |a 347 p 
942 |c BK 
945 |d 19960517 00:00:00  |a cmena 
260 |a Londres  |b Academic Press  |c 1985 
650 0 |a Biotecnología   |9 259561 
650 0 |a Citología  |9 261432 
650 7 |a CITOQUIMICA  |2 CL-VaPUC  |9 261426 
650 0 |a Morfología celular  |9 358386 
583 |a last modification  |c 19960517 00:00:00  |k Rodrigo Vera 
999 |c 247837  |d 247835 
952 |0 0  |1 0  |4 0  |6 615_360000000000000_SPI_1985  |7 0  |8 A  |9 264027  |a BIBING  |b BIBING  |d 2019-11-19  |h v.1  |i 1660918  |l 1  |o 615.36 SPI 1985  |p 1660918  |r 2025-01-20  |s 2020-07-27  |w 2019-11-19  |y BK  |k EIQ 
952 |0 0  |1 0  |4 0  |6 615_360000000000000_SPI_1985  |7 0  |8 A  |9 264028  |a BIBING  |b BIBING  |d 2019-11-19  |h v.2  |i 1660926  |o 615.36 SPI 1985  |p 1660926  |r 2025-01-20  |w 2019-11-19  |y BK  |k EIQ